Most Populous US cities that have Chinatowns - Statistics

General Stats
  • This quiz has been taken 109 times
    93 since last reset
  • The average score is 12 of 16
Answer Stats
Hint Answer % Correct
12,447,000 Los Angeles
100%
18,804,000 New York City
100%
3,314,000 San Francisco
97%
6,371,000 Houston
94%
8,865,000 Chicago
93%
3,433,000 Seattle
93%
4,309,000 Boston
90%
5,717,000 Philadelphia
89%
5,322,000 Washington D.C.
89%
2,151,000 Portland
68%
1,791,000 San Jose
61%
2,325,000 Baltimore
60%
1,763,000 Cleveland
60%
1,704,000 Pittsburgh
56%
2,123,000 Sacramento
50%
892,000 Honolulu
42%
No matching quizzes found
Score Distribution
Percent of People with Each Score
Percentile by Number Answered
Your Score History
You have not taken this quiz since the last reset